书目信息 |
| 题名: |
小帽子里的大兔子
|
|
| 作者: | 杨天南 著 | |
| 分册: | ||
| 出版信息: | 北京 人民邮电出版社 2025.03 |
|
| 页数: | 205页 | |
| 开本: | 21cm | |
| 丛书名: | ||
| 单 册: | ||
| 中图分类: | F837.124.8 | |
| 科图分类: | ||
| 主题词: | ||
| 电子资源: | ||
| ISBN: | 978-7-115-66416-7 | |
| 000 | 00851nam0 2200229 450 | |
| 001 | 013154670 | |
| 005 | 20251022183948.74 | |
| 010 | @a978-7-115-66416-7@dCNY59.00 | |
| 100 | @a20240409d2025 em y0chiy0120 ea | |
| 101 | 0 | @achi |
| 102 | @aCN@b110000 | |
| 105 | @ay z 000yy | |
| 106 | @ar | |
| 200 | 1 | @a小帽子里的大兔子@9xiao mao zi li de da tu zi@e读懂巴菲特致股东信的100条金句@f杨天南著 |
| 210 | @a北京@c人民邮电出版社@d2025.03 | |
| 215 | @a205页@d21cm | |
| 330 | @a本书摘录1952—1990年巴菲特致股东信中的100个金句加以解读,从对股票市场的认知、买入时间和价格的选择、股票的选择、做人做事的原则等四个维度,讲解巴菲特的投资逻辑和人生原则。 | |
| 600 | 0 | @a巴菲特@c(Buffett, Warren@f1930- )@x投资@x经验 |
| 690 | @aF837.124.8@v5 | |
| 701 | 0 | @a杨天南@9yang tian nan@4著 |
| 801 | 0 | @aCN@c20250909 |
| 905 | @a河南城建学院图书馆@dF837@eB026@ZB026@f1 | |
| 小帽子里的大兔子:读懂巴菲特致股东信的100条金句/杨天南著.-北京:人民邮电出版社,2025.03 |
| 205页;21cm |
| ISBN 978-7-115-66416-7:CNY59.00 |
| 本书摘录1952—1990年巴菲特致股东信中的100个金句加以解读,从对股票市场的认知、买入时间和价格的选择、股票的选择、做人做事的原则等四个维度,讲解巴菲特的投资逻辑和人生原则。 |
| ● |
| 相关链接 |
|
|
|
正题名:小帽子里的大兔子
索取号:F837/B026
 
预约/预借
| 序号 | 登录号 | 条形码 | 馆藏地/架位号 | 状态 | 备注 |
| 1 | 1631954 | 216319543 | 社科库409/409社科库 54排6列5层/ [索取号:F837/B026] | 在馆 |